LIBRARY & INFORMATION CENTRE, KCAET, TAVANUR

ONLINE PUBLIC ACCESS CATALOGUE (OPAC)

Vegetables Herbs and Spices: A Comprwhensive guide to the Cultivation, uses and health benefits of over 200 food -Producing plants (Record no. 14663)

MARC details
000 -LEADER
fixed length control field 00400nam a22001217a 4500
020 ## - INTERNATIONAL STANDARD BOOK NUMBER
ISBN 9780711229631
082 ## - DEWEY DECIMAL CLASSIFICATION NUMBER
Classification number 635
Item number LYL/VE
100 ## - MAIN ENTRY--AUTHOR NAME
Personal name Lyle,Susanna
245 ## - TITLE STATEMENT
Title Vegetables Herbs and Spices: A Comprwhensive guide to the Cultivation, uses and health benefits of over 200 food -Producing plants
260 ## - PUBLICATION, DISTRIBUTION, ETC. (IMPRINT)
Place of publication London
Name of publisher Frances Lincoln Limited Publishers
Year of publication 2009
300 ## - PHYSICAL DESCRIPTION
Number of Pages 480
942 ## - ADDED ENTRY ELEMENTS (KOHA)
Koha item type Reference
Holdings
Withdrawn status Lost status Damaged status Collection code Home library Current library Shelving location Date acquired Source of acquisition Cost, normal purchase price Full call number Accession Number Koha item type
      Reference KAUAET KAUAET Reference 25/07/2016 Southern Book Star, Tvm. 5445.00 635 LYL/VE 24561 Reference
free website counter